Principles of materials science and engineering (Record no. 64740)

000 -LEADER
fixed length control field 00444nam a22001697a 4500
003 - CONTROL NUMBER IDENTIFIER
control field NUST - PNEC
005 - DATE AND TIME OF LATEST TRANSACTION
control field 20170116180854.0
008 - FIXED-LENGTH DATA ELEMENTS--GENERAL INFORMATION
fixed length control field 150827b xxu||||| |||| 00| 0 eng d
020 ## - INTERNATIONAL STANDARD BOOK NUMBER
International Standard Book Number 007100291x
040 ## - CATALOGING SOURCE
Transcribing agency LIBRARY
082 ## - DEWEY DECIMAL CLASSIFICATION NUMBER
Classification number 620.11 SMI
100 ## - MAIN ENTRY--PERSONAL NAME
9 (RLIN) 5892
Personal name Smith William F
245 ## - TITLE STATEMENT
Title Principles of materials science and engineering
Statement of responsibility, etc. William F Smith
260 ## - PUBLICATION, DISTRIBUTION, ETC.
Date of publication, distribution, etc. c.1986
650 ## - SUBJECT ADDED ENTRY--TOPICAL TERM
9 (RLIN) 5891
Topical term or geographic name entry element Materials
General subdivision ME, IME
942 ## - ADDED ENTRY ELEMENTS (KOHA)
Source of classification or shelving scheme
Koha item type Book
Holdings
Withdrawn status Lost status Source of classification or shelving scheme Damaged status Not for loan Permanent Location Current Location Shelving location Date acquired Total Checkouts Full call number Barcode Date last seen Date last checked out Price effective from Koha item type
          Pakistan Navy Engineering College (PNEC) Pakistan Navy Engineering College (PNEC)     3 620.11 SMI PNECLIB-013207 05/16/2016 03/14/2016   Book
© 2023 Central Library, National University of Sciences and Technology. All Rights Reserved.